Sports Quiz

Random Sports or Football Quiz

New York Giants 2010 Starting Roster Quiz Stats

 Plays Quiz not verified by Sporcle

Score 0/25 Timer 05:00
0 Plays Today
Position Player % Correct
QuarterbackEli Manning
100%
Runningback Ahmad Bradshaw
86.6%
Tight EndKevin Boss
78.8%
Wide ReceiverHakeem Nicks
76%
Defensive EndJustin Tuck
75.8%
Wide ReceiverSteve Smith
68.2%
Right GuardChris Snee
67.4%
Left TackleDavid Diehl
63.1%
Defensive EndOsi Umenyiora
58.9%
KickerLawrence Tynes
58.3%
Right TackleKareem McKenzie
56.8%
CenterShaun O'Hara
56.3%
CornerbackCorey Webster
56%
Position Player % Correct
PunterMatt Dodge
52.4%
Strong SafetyKenny Phillips
50.3%
Free Safety Antrel Rolle
48.8%
Defensive Tackle Chris Canty
46.8%
CornerbackTerrell Thomas
43.2%
Outside LinebackerMichael Boley
42.5%
Fullback/TailbackBear Pascoe
37.1%
Middle LinebackerJonathan Goff
28.5%
Long SnapperZak DeOssie
23.9%
Defensive TackleBarry Coefield
14.3%
Outside LinebackerClint Sintim
11.6%
Left GuardShawn Andrews
9.2%

You're not logged in!

Compare scores with friends on all Sporcle quizzes.
OR
Log In

Show Comments

Extras

Top Quizzes Today


Score Distribution

Your Account Isn't Verified!

In order to create a playlist on Sporcle, you need to verify the email address you used during registration. Go to your Sporcle Settings to finish the process.

Report this User

Report this user for behavior that violates our Community Guidelines.

Details: